000 00537nam a2200241Ia 4500
003 OSt
005 20220912145533.0
006 a|||||r|||| 00| 0
007 ta
008 220909b |||||||| |||| 00| 0 eng d
024 _a69880
037 _cTextual
040 _aCSL
_beng
_cCSL
041 _aeng
082 _aL:4, J6
100 _aSelye Hans
245 0 _aStress of life
260 _c1956
300 _ap.
_ccm.
650 _aDisease
942 _hL:4, J6
_cTEXL
_2CC
999 _c34000
_d34000